Dictionnaire de la littérature française contemporaine
Na minha lista:
| Autor principal: | |
|---|---|
| Outros Autores: | |
| Formato: | Livro |
| Idioma: | francês |
| Publicado em: |
París, Francia
Larousse
1966
|
| coleção: | Les Dictionnaires de L'Homme du XXe. Sièccle
|
| Assuntos: | |
| Tags: |
Adicionar Tag
Sem tags, seja o primeiro a adicionar uma tag!
|
MARC
| LEADER | 00000nam a2200000 a 4500 | ||
|---|---|---|---|
| 001 | UCQ4828 | ||
| 003 | CL-VaPUC | ||
| 005 | 20231219104013.0 | ||
| 008 | 980910e19660000FR |||||||||||||||||fre|d | ||
| 999 | |c 275128 |d 275126 | ||
| 040 | |c Pontificia Universidad Católica de Valparaíso | ||
| 082 | 0 | 4 | |a 840.3 BOU 1966 |2 21 |
| 100 | 0 | |a Bourin, André |9 419008 | |
| 245 | 1 | 0 | |a Dictionnaire de la littérature française contemporaine |
| 260 | 0 | 3 | |a París, Francia |b Larousse |c 1966 |
| 300 | |a 255 páginas | ||
| 490 | 0 | |a Les Dictionnaires de L'Homme du XXe. Sièccle | |
| 583 | |a last modification |c 19980910 00:00:00 |k Rodrigo Vera | ||
| 650 | 0 | |a Literatura francesa |9 266330 | |
| 650 | 0 | |a Diccionarios |9 256200 | |
| 650 | 0 | |a Literatura contemporánea |9 321959 | |
| 650 | 0 | |a Historia y crítica |9 257407 | |
| 700 | 0 | |a Rousselot, Jean |9 419009 | |
| 942 | |c BK |2 ddc | ||
| 945 | |d 19980910 00:00:00 |a crobeson | ||
| 952 | |0 0 |1 0 |2 ddc |4 0 |6 840_300000000000000_BOU_1966 |7 0 |8 X |9 311680 |a BIBEDU |b BIBEDU |d 2019-11-20 |i 146602K |o 840.3 BOU 1966 |p 146602K |r 2023-01-13 |t 1 |w 2019-11-20 |y BK_X |k LIT | ||